Media/impact : (Record no. 19250)
[ view plain ]
| 000 -LEADER | |
|---|---|
| fixed length control field | 00846cam a22002775a 4500 |
| 001 - CONTROL NUMBER | |
| control field | 015748613 |
| 003 - CONTROL NUMBER IDENTIFIER | |
| control field | OSt |
| 005 - DATE AND TIME OF LATEST TRANSACTION | |
| control field | 20170611102727.0 |
| 008 - FIXED-LENGTH DATA ELEMENTS--GENERAL INFORMATION | |
| fixed length control field | 110202t2012 at a frbd 001 0 eng d |
| 020 ## - INTERNATIONAL STANDARD BOOK NUMBER | |
| International Standard Book Number | 1111829535 |
| 020 ## - INTERNATIONAL STANDARD BOOK NUMBER | |
| International Standard Book Number | 9788122436440 |
| 040 ## - CATALOGING SOURCE | |
| Original cataloging agency | StDuBDS |
| Language of cataloging | eng |
| Transcribing agency | StDuBDS |
| Modifying agency | Uk |
| -- | EG-ScBUE |
| 082 04 - DEWEY DECIMAL CLASSIFICATION NUMBER | |
| Classification number | 302.23 |
| Item number | BIA |
| Edition number | 22 |
| 100 1# - MAIN ENTRY--PERSONAL NAME | |
| 9 (RLIN) | 37804 |
| Personal name | Biagi, Shirley |
| 245 10 - TITLE STATEMENT | |
| Title | Media/impact : |
| Remainder of title | an introduction to mass media / |
| Statement of responsibility, etc | Shirley Biagi. |
| 250 ## - EDITION STATEMENT | |
| Edition statement | 10th ed., International ed. |
| 260 ## - PUBLICATION, DISTRIBUTION, ETC. (IMPRINT) | |
| Place of publication, distribution, etc | Canberra : |
| Name of publisher, distributor, etc | Wadswort / Cengage Learning, |
| Date of publication, distribution, etc | c.2012. |
| 300 ## - PHYSICAL DESCRIPTION | |
| Extent | xxxiv, 430 p. : |
| Other physical details | ill. (col.) ; |
| Dimensions | 27 cm. |
| 500 ## - GENERAL NOTE | |
| General note | Index : p. 410-430. |
| 500 ## - GENERAL NOTE | |
| General note | Glossary : p. 383-386. |
| 504 ## - BIBLIOGRAPHY, ETC. NOTE | |
| Bibliography, etc | Bibliography : p. 387-409. |
| 650 #7 - SUBJECT ADDED ENTRY--TOPICAL TERM | |
| Topical term or geographic name as entry element | Mass media. |
| Source of heading or term | BUEsh |
| 9 (RLIN) | 9699 |
| 651 ## - SUBJECT ADDED ENTRY--GEOGRAPHIC NAME | |
| Source of heading or term | BUEsh |
| 653 ## - INDEX TERM--UNCONTROLLED | |
| Resource For college | Communication and mass media |
| Arrived date list | April2015 |
| 942 ## - ADDED ENTRY ELEMENTS (KOHA) | |
| Source of classification or shelving scheme | Dewey Decimal Classification |
| Call number prefix | 302.23 BIA |
| Withdrawn status | Item status | Source of classification or shelving scheme | Damaged status | Not for loan | Vendor | Home library | Current library | Shelving location | Date acquired | Source of acquisition | Cost, normal purchase price | Serial Enumeration / chronology | Total Checkouts | Total Renewals | Full call number | Barcode | Date last seen | Date last borrowed | Cost, replacement price | Koha item type |
|---|---|---|---|---|---|---|---|---|---|---|---|---|---|---|---|---|---|---|---|---|
| Dewey Decimal Classification | Baccah | Central Library | Central Library | First floor | 02/08/2015 | 528.00 | 21758 | 1 | 2 | 302.23 BIA | 000038109 | 15/07/2025 | 17/10/2016 | 657.50 | Book - Borrowing |